100 resepi istimewa
| Format: | Book |
|---|---|
| Published: |
K.L :
Ciptaan Jiwaseni ,
19--
|
| Subjects: |
MARC
| LEADER | 00000cam a2200000 7i4500 | ||
|---|---|---|---|
| 001 | 0000006515 | ||
| 002 | 000007028 | ||
| 005 | 20000330.0 | ||
| 020 | |a 9838810541 | ||
| 090 | 0 | 0 | |a 641.5 |b SER |
| 245 | 0 | 0 | |a 100 resepi istimewa |
| 260 | |a K.L : |b Ciptaan Jiwaseni , |c 19-- | ||
| 300 | |a 100p. ; |c 24cm. | ||
| 650 | 0 | 0 | |a Cookery, Malays |
| 999 | |a 040024 |b BUKU |c PINJAMAN |e PERPUSTAKAAN KOMUNITI PETALING JAYA | ||
| 999 | |a 040025 |b BUKU |c PINJAMAN |e PERPUSTAKAAN KOMUNITI PETALING JAYA | ||